Chansons les plus streamées : Orelsan - Statistiques

Statistiques générales
  • Ce quiz a été pris 222 fois
  • Le résultat moyen est 5 sur 10
Statistiques - réponses
Nb de streams Chanson % Correct
71 500 000 Basique
93%
73 000 000 La terre est ronde
80%
84 000 000 La Quête
71%
78 000 000 La pluie (feat. Stromae)
56%
51 500 000 Défaite de famille
55%
64 000 000 Notes pour trop tard (feat. Ibeyi)
47%
86 000 000 Rêves bizarres (feat. Damso)
46%
80 500 000 Jour meilleur
45%
50 000 000 Du propre
32%
60 000 000 Millions (avec Ninho) [No Limit]
17%
Aucun quiz correspondant
Distribution des résultats
% des personnes avec chaque résultat
Percentile par nombre de réponses
Votre historique - résultats
Vous n’avez pas pris ce quiz